[Event "39. Campeonato Open de Bulgaria"]
[Site "Plovdiv BUL"]
[Date "2007.02.05"]
[Round "1.2"]
[White "Radulski, Julian"]
[Black "Petkova, Veneta"]
[Result "1-0"]
[WhiteElo "2475"]
[BlackElo "1952"]
[PlyCount "31"]
[EventDate "2007.02.05"]
[EventType "swiss"]
[EventRounds "9"]
[EventCountry "BUL"]
[Source "lmi"]
[SourceDate "2007.02.05"]

1. e4 e6 2. d4 d5 3. Nc3 Bb4 4. e5 c5 5. Bd2 Nc6 6. Nb5 Bxd2+ 7. Qxd2 cxd4 8.
Nf3 Qb6 9. Bd3 a6 10. Nd6+ Kf8 11. Qf4 f6 12. O-O g5 13. Qg3 h6 14. h4 f5 15.
hxg5 h5 16. g6 1-0

[Event "39. Campeonato Open de Bulgaria"]
[Site "Plovdiv BUL"]
[Date "2007.02.05"]
[Round "1.3"]
[White "Chervenkov, Dinko"]
[Black "Dimitrov, Vladimir"]
[Result "0-1"]
[WhiteElo "1949"]
[BlackElo "2462"]
[PlyCount "40"]
[EventDate "2007.02.05"]
[EventType "swiss"]
[EventRounds "9"]
[EventCountry "BUL"]
[Source "lmi"]
[SourceDate "2007.02.05"]

1. f4 c5 2. e4 Nc6 3. Nc3 g6 4. Nf3 Bg7 5. d3 d6 6. Bd2 Rb8 7. Be3 Nf6 8. h3 b5
9. Be2 b4 10. Na4 Nh5 11. O-O Ng3 12. Rf2 Nd4 13. Bxd4 cxd4 14. b3 O-O 15. Nb2
Qc7 16. a3 a5 17. a4 Bh6 18. Nd2 e5 19. Nbc4 Nxe2+ 20. Rxe2 Bxf4 0-1

[Event "39. Campeonato Open de Bulgaria"]
[Site "Plovdiv BUL"]
[Date "2007.02.05"]
[Round "1.5"]
[White "Kartalov, Kiril"]
[Black "Petrov, Marijan"]
[Result "0-1"]
[WhiteElo "1934"]
[BlackElo "2455"]
[PlyCount "26"]
[EventDate "2007.02.05"]
[EventType "swiss"]
[EventRounds "9"]
[EventCountry "BUL"]
[Source "lmi"]
[SourceDate "2007.02.05"]

1. d4 g6 2. Nf3 Bg7 3. Nbd2 Nf6 4. e4 O-O 5. Bd3 d6 6. Nb3 c5 7. d5 e6 8. c4
exd5 9. exd5 Re8+ 10. Kf1 b5 11. h4 bxc4 12. Bxc4 Ba6 13. Bd3 c4 0-1

[Event "39. Campeonato Open de Bulgaria"]
[Site "Plovdiv BUL"]
[Date "2007.02.05"]
[Round "1.8"]
[White "Vasilev, Milen"]
[Black "Angelov, Bojan"]
[Result "1-0"]
[WhiteElo "2451"]
[BlackElo "1913"]
[PlyCount "93"]
[EventDate "2007.02.05"]
[EventType "swiss"]
[EventRounds "9"]
[EventCountry "BUL"]
[Source "lmi"]
[SourceDate "2007.02.05"]

1. d4 d5 2. Bf4 Nf6 3. Nf3 c6 4. e3 Bg4 5. Be2 e6 6. h3 Bh5 7. O-O Bd6 8. Ne5
Bxe2 9. Qxe2 Qc7 10. Bh2 Nbd7 11. f4 Ne4 12. Qg4 O-O 13. Bg3 Rae8 14. Nc3 f5
15. Qf3 Nd2 16. Qe2 Nxf1 17. Rxf1 Nf6 18. Bh4 Bxe5 19. dxe5 Ne4 20. Nxe4 dxe4
21. Rd1 Rf7 22. Rd6 Rd7 23. Qd2 Rxd6 24. exd6 Qd7 25. Qd4 b6 26. b3 Kf7 27. c4
c5 28. Qe5 h6 29. g4 Rb8 30. gxf5 exf5 31. Qd5+ Kg6 32. Kh2 Re8 33. a4 Re6 34.
Be7 Rxe7 35. dxe7 Qxe7 36. a5 Qf6 37. a6 Qb2+ 38. Kg3 Qxb3 39. Qe6+ Kh7 40.
Qxf5+ Kg8 41. Qe6+ Kf8 42. Qxe4 Kg8 43. f5 b5 44. f6 gxf6 45. Qa8+ Kf7 46.
Qxa7+ Kg6 47. Qe7 1-0

[Event "39. Campeonato Open de Bulgaria"]
[Site "Plovdiv BUL"]
[Date "2007.02.05"]
[Round "1.9"]
[White "Trifonova, Sandra"]
[Black "Popchev, Milko"]
[Result "0-1"]
[WhiteElo "1890"]
[BlackElo "2445"]
[PlyCount "82"]
[EventDate "2007.02.05"]
[EventType "swiss"]
[EventRounds "9"]
[EventCountry "BUL"]
[Source "lmi"]
[SourceDate "2007.02.05"]

1. d4 d6 2. Nf3 Bg4 3. c4 c6 4. Qb3 Qc7 5. h3 Bh5 6. e4 Nd7 7. Be2 e5 8. Be3
Ngf6 9. Nc3 Be7 10. O-O O-O 11. Rfd1 Rfe8 12. d5 c5 13. Qc2 h6 14. Nh2 Bg6 15.
Nf1 Nh7 16. Ng3 Bg5 17. Bxg5 hxg5 18. Nf5 Bxf5 19. exf5 Ndf6 20. g4 e4 21. Kg2
Re5 22. Rh1 Qe7 23. Rh2 Re8 24. Rah1 Nd7 25. h4 gxh4 26. Rxh4 Ndf8 27. Qc1 f6
28. Qf4 g5 29. fxg6 Nxg6 30. Qh6 Nxh4+ 31. Qxh4 a6 32. Nd1 f5 33. Qh6 Qg7 34.
Qxd6 f4 35. f3 Ng5 36. Qh6 exf3+ 37. Bxf3 Nxf3 38. Kxf3 Re3+ 39. Kf2 Re2+ 40.
Kf3 R8e3+ 41. Nxe3 Rxe3+ 0-1

[Event "39. Campeonato Open de Bulgaria"]
[Site "Plovdiv BUL"]
[Date "2007.02.05"]
[Round "1.10"]
[White "Ivanov, Valentin"]
[Black "Dimitrov, Pavel"]
[Result "0-1"]
[WhiteElo "1858"]
[BlackElo "2441"]
[PlyCount "34"]
[EventDate "2007.02.05"]
[EventType "swiss"]
[EventRounds "9"]
[EventCountry "BUL"]
[Source "lmi"]
[SourceDate "2007.02.05"]

1. d4 d6 2. Bf4 g6 3. Nf3 Bg7 4. e4 Nf6 5. c3 Nxe4 6. Nbd2 Nf6 7. Qc2 O-O 8.
Bd3 Nbd7 9. O-O-O c5 10. h4 cxd4 11. cxd4 Nd5 12. Be3 Nb4 13. Qb3 Nxd3+ 14.
Qxd3 Nf6 15. Nb1 Bf5 16. Qd2 Rc8+ 17. Nc3 b5 0-1

[Event "39. Campeonato Open de Bulgaria"]
[Site "Plovdiv BUL"]
[Date "2007.02.05"]
[Round "1.11"]
[White "Petkov, Vladimir"]
[Black "Vasilev, Dimitar"]
[Result "1-0"]
[WhiteElo "2441"]
[BlackElo "1890"]
[PlyCount "59"]
[EventDate "2007.02.05"]
[EventType "swiss"]
[EventRounds "9"]
[EventCountry "BUL"]
[Source "lmi"]
[SourceDate "2007.02.05"]

1. e4 c5 2. c3 d6 3. d4 cxd4 4. cxd4 e6 5. Nc3 Nf6 6. Nf3 Be7 7. Bd3 O-O 8. O-O
Nbd7 9. Qe2 a6 10. e5 Ne8 11. h4 d5 12. Ng5 g6 13. Qg4 Ng7 14. Nxh7 Kxh7 15. h5
Nf5 16. Qh3 Rh8 17. Ne2 Kg7 18. g4 Nh4 19. f4 Nf8 20. Be3 gxh5 21. f5 exf5 22.
gxf5 Bxf5 23. Bxf5 Nfg6 24. Bxg6 Nxg6 25. Qf5 Qg8 26. Kh1 Rf8 27. Rg1 Qh7 28.
Nf4 Rhg8 29. Nxd5 Kh8 30. Nxe7 1-0

[Event "39. Campeonato Open de Bulgaria"]
[Site "Plovdiv BUL"]
[Date "2007.02.05"]
[Round "1.12"]
[White "Drenchev, Petar"]
[Black "Ochkov, Radoslav"]
[Result "1-0"]
[WhiteElo "2430"]
[BlackElo "1804"]
[PlyCount "59"]
[EventDate "2007.02.05"]
[EventType "swiss"]
[EventRounds "9"]
[EventCountry "BUL"]
[Source "lmi"]
[SourceDate "2007.02.05"]

1. Nf3 Nf6 2. c4 g6 3. Nc3 d5 4. d4 Bg7 5. e3 O-O 6. b4 Ne4 7. Bb2 Nxc3 8. Bxc3
c6 9. Qb3 dxc4 10. Bxc4 Nd7 11. Ng5 e6 12. Nf3 Nb6 13. Be2 Nd5 14. Bd2 Qe7 15.
O-O e5 16. Nxe5 Bxe5 17. dxe5 Qxe5 18. Rfe1 Be6 19. Bf3 Rfd8 20. Qc2 Qd6 21.
Rab1 Nb6 22. Bc3 Qd3 23. Qc1 Bxa2 24. Ra1 Bb3 25. Ra3 Qc2 26. Qa1 Be6 27. e4
Nc4 28. Ra2 Qb3 29. Rb1 Nb2 30. Ra3 1-0

[Event "39. Campeonato Open de Bulgaria"]
[Site "Plovdiv BUL"]
[Date "2007.02.05"]
[Round "1.14"]
[White "Nikolov, Momchil"]
[Black "Stankovski, Marin"]
[Result "1-0"]
[WhiteElo "2425"]
[BlackElo "1740"]
[PlyCount "51"]
[EventDate "2007.02.05"]
[EventType "swiss"]
[EventRounds "9"]
[EventCountry "BUL"]
[Source "lmi"]
[SourceDate "2007.02.05"]

1. d4 c6 2. c4 d5 3. Nf3 Bf5 4. Nc3 Nf6 5. Qb3 Qb6 6. c5 Qxb3 7. axb3 e6 8. Bf4
Nbd7 9. b4 Be7 10. h3 O-O 11. b5 a6 12. bxc6 bxc6 13. e3 a5 14. Be2 Bc2 15. Ra3
a4 16. Kd2 Bg6 17. Rha1 Ne4+ 18. Nxe4 Bxe4 19. Rxa4 Rxa4 20. Rxa4 Nf6 21. b4
Bg6 22. Ne5 Ne4+ 23. Ke1 Nc3 24. Ra7 Bf6 25. Nxc6 Rc8 26. b5 1-0

[Event "39. Campeonato Open de Bulgaria"]
[Site "Plovdiv BUL"]
[Date "2007.02.05"]
[Round "1.15"]
[White "Valev, Valentin"]
[Black "Dochev, Dimitar"]
[Result "0-1"]
[WhiteElo "1652"]
[BlackElo "2401"]
[PlyCount "119"]
[EventDate "2007.02.05"]
[EventType "swiss"]
[EventRounds "9"]
[EventCountry "BUL"]
[Source "lmi"]
[SourceDate "2007.02.05"]

1. e4 c5 2. Nf3 Nc6 3. d4 cxd4 4. Nxd4 Nf6 5. Nc3 e5 6. Ndb5 d6 7. Bg5 a6 8.
Na3 b5 9. Nd5 Be7 10. Bxf6 Bxf6 11. Be2 O-O 12. O-O Bb7 13. c3 Bg5 14. Nc2 Nb8
15. Bg4 Ra7 16. Qd3 Nd7 17. Bxd7 Qxd7 18. Rad1 Qe6 19. Rfe1 Ba8 20. Ncb4 a5 21.
Nc2 Bc6 22. Na3 Rb7 23. Nc2 g6 24. Nde3 Rd7 25. b3 Kh8 26. c4 b4 27. f3 Bd8 28.
Nd5 Bxd5 29. Qxd5 Bb6+ 30. Kh1 Bc5 31. Re2 Qxd5 32. Rxd5 Ra7 33. g3 a4 34. Ne1
axb3 35. axb3 Ra3 36. Rd3 Rfa8 37. Kg2 Ra1 38. Rdd2 R8a3 39. Rd3 Rb1 40. f4 f6
41. Nf3 Rbxb3 42. Rxb3 Rxb3 43. fxe5 fxe5 44. Rc2 Ra3 45. h4 b3 46. Rc1 b2 47.
Rb1 Rb3 48. Nd2 Rb7 49. Kf3 Kg7 50. Ke2 h5 51. Kd3 Bd4 52. Kc2 Rf7 53. Rf1 Rxf1
54. Nxf1 Kf6 55. Nh2 Bf2 56. Kxb2 Bxg3 57. Nf3 Bf4 58. Kc3 g5 59. hxg5+ Bxg5
60. Kd3 0-1

[Event "39. Campeonato Open de Bulgaria"]
[Site "Plovdiv BUL"]
[Date "2007.02.06"]
[Round "2.3"]
[White "Dimitrov, Radoslav"]
[Black "Janev, Evgeni"]
[Result "0-1"]
[WhiteElo "2300"]
[BlackElo "2395"]
[PlyCount "64"]
[EventDate "2007.02.05"]
[EventType "swiss"]
[EventRounds "9"]
[EventCountry "BUL"]
[Source "lmi"]
[SourceDate "2007.02.05"]

1. c4 e5 2. Nc3 Nf6 3. Nf3 Nc6 4. d4 exd4 5. Nxd4 Bb4 6. Bg5 h6 7. Bh4 Bxc3+ 8.
bxc3 Ne5 9. e3 d6 10. Be2 Ng6 11. Bxf6 Qxf6 12. O-O O-O 13. Qd2 Bd7 14. Rad1
Rfe8 15. Bf3 Rab8 16. Be2 a6 17. Rfe1 Re7 18. f4 Ba4 19. Rb1 c5 20. Nb3 Nh4 21.
Na5 Qg6 22. g3 Rbe8 23. Kf2 Rxe3 24. Bh5 Qe4 25. Rxe3 Qg2+ 26. Ke1 Qg1+ 27. Ke2
Qxh2+ 28. Kd3 Rxe3+ 29. Kxe3 Nf5+ 30. Kd3 Qxg3+ 31. Ke4 Bc2+ 32. Qxc2 Qe3+ 0-1

[Event "39. Campeonato Open de Bulgaria"]
[Site "Plovdiv BUL"]
[Date "2007.02.06"]
[Round "2.4"]
[White "Petrov, Marijan"]
[Black "Paulic, Branko"]
[Result "1-0"]
[WhiteElo "2423"]
[BlackElo "2240"]
[PlyCount "109"]
[EventDate "2007.02.05"]
[EventType "swiss"]
[EventRounds "9"]
[EventCountry "BUL"]
[Source "lmi"]
[SourceDate "2007.02.05"]

1. e4 e6 2. d4 d5 3. e5 c5 4. c3 Nc6 5. Nf3 Bd7 6. Be2 Nge7 7. Na3 cxd4 8. cxd4
Nf5 9. Nc2 Qb6 10. O-O Be7 11. g4 Nh4 12. Nxh4 Bxh4 13. f4 Be7 14. Rf3 Rc8 15.
Rb3 Qc7 16. Rc3 Qb6 17. Be3 O-O 18. Bf2 Nb4 19. Nxb4 Bxb4 20. Rh3 Bb5 21. f5
Bxe2 22. Qxe2 Qa6 23. Qd1 Qc4 24. f6 Qc2 25. fxg7 Qxd1+ 26. Rxd1 Kxg7 27. Rb3
Rc4 28. a3 Ba5 29. Rxb7 Bb6 30. Rd3 Rfc8 31. Rf3 R8c7 32. Rxc7 Rxc7 33. Rd3 Rc2
34. b3 Kg6 35. Kg2 h5 36. h3 hxg4 37. hxg4 Bd8 38. Kf3 Bg5 39. a4 Bd2 40. Bh4
Bb4 41. Bf6 Rh2 42. Kg3 Rc2 43. Kf4 Bd2+ 44. Kf3 Bb4 45. Bd8 a6 46. Kg3 Be1+
47. Kf3 Rc8 48. Be7 Rc2 49. Bc5 Bd2 50. Kg3 Bg5 51. Bd6 Rb2 52. Bc5 Bd2 53. Ba3
Rc2 54. Rf3 Bg5 55. Rd3 1-0

[Event "39. Campeonato Open de Bulgaria"]
[Site "Plovdiv BUL"]
[Date "2007.02.06"]
[Round "2.5"]
[White "Janachkov, Angel"]
[Black "Rusev, Krasimir"]
[Result "0-1"]
[WhiteElo "2241"]
[BlackElo "2461"]
[PlyCount "62"]
[EventDate "2007.02.05"]
[EventType "swiss"]
[EventRounds "9"]
[EventCountry "BUL"]
[Source "lmi"]
[SourceDate "2007.02.05"]

1. c4 Nf6 2. Nc3 e6 3. Nf3 d5 4. cxd5 exd5 5. d4 c6 6. Bg5 h6 7. Bh4 Bf5 8. Qb3
g5 9. Bg3 Qb6 10. e3 Nbd7 11. Be2 Nh5 12. Be5 Ng7 13. Bg3 Qxb3 14. axb3 f6 15.
Nd2 Bg6 16. h3 Bb4 17. O-O Kf7 18. Rfc1 Rhe8 19. Nf3 h5 20. Ne1 Nf5 21. Bh2
Nxd4 22. exd4 Bxc3 23. bxc3 Rxe2 24. h4 gxh4 25. Nf3 h3 26. gxh3 Bf5 27. h4 Be4
28. Ne1 a5 29. Ra3 Rb2 30. Bf4 Rg8+ 31. Kf1 Rg4 0-1

[Event "39. Campeonato Open de Bulgaria"]
[Site "Plovdiv BUL"]
[Date "2007.02.06"]
[Round "2.6"]
[White "Bratanov, Zsivko"]
[Black "Angelov, Kosta"]
[Result "1/2-1/2"]
[WhiteElo "2448"]
[BlackElo "2288"]
[PlyCount "53"]
[EventDate "2007.02.05"]
[EventType "swiss"]
[EventRounds "9"]
[EventCountry "BUL"]
[Source "lmi"]
[SourceDate "2007.02.05"]

1. d4 g6 2. e4 c6 3. Nf3 Bg7 4. Be2 d5 5. e5 Bf5 6. O-O Nd7 7. c4 Bxb1 8. Rxb1
e6 9. b4 a6 10. c5 Ne7 11. Re1 O-O 12. Bf1 Nf5 13. g3 f6 14. h4 Qe7 15. Bh3
fxe5 16. dxe5 a5 17. a3 axb4 18. axb4 h6 19. Bf4 Kh7 20. Qd3 Ra4 21. h5 g5 22.
g4 gxf4 23. gxf5 exf5 24. e6 Ne5 25. Bxf5+ Kh8 26. Nxe5 Bxe5 27. Qh3 1/2-1/2

[Event "39. Campeonato Open de Bulgaria"]
[Site "Plovdiv BUL"]
[Date "2007.02.06"]
[Round "2.7"]
[White "Yordanov, Nikolay"]
[Black "Vasilev, Milen"]
[Result "0-1"]
[WhiteElo "2258"]
[BlackElo "2410"]
[PlyCount "64"]
[EventDate "2007.02.05"]
[EventType "swiss"]
[EventRounds "9"]
[EventCountry "BUL"]
[Source "lmi"]
[SourceDate "2007.02.05"]

1. e4 c5 2. Nf3 d6 3. d4 cxd4 4. Nxd4 Nf6 5. Nc3 g6 6. Be3 Bg7 7. f3 Nbd7 8.
Qd2 a6 9. O-O-O b5 10. g4 Bb7 11. h4 Nb6 12. Bd3 h5 13. Qf2 Nfd7 14. gxh5 Rxh5
15. f4 b4 16. f5 bxc3 17. fxg6 cxb2+ 18. Kb1 Bf6 19. gxf7+ Kxf7 20. Be2 Qh8 21.
Bg5 Bxe4 22. Rhe1 Rxh4 23. Bxh4 Qxh4 24. Qe3 Nc5 25. Nb3 Nca4 26. Nd4 Rc8 27.
Qb3+ Bd5 28. c4 Bxc4 29. Bxc4+ Rxc4 30. Rxe7+ Bxe7 31. Qf3+ Qf6 32. Qh5+ Qg6+
0-1

[Event "39. Campeonato Open de Bulgaria"]
[Site "Plovdiv BUL"]
[Date "2007.02.06"]
[Round "2.8"]
[White "Popchev, Milko"]
[Black "Angelov, Angel"]
[Result "1-0"]
[WhiteElo "2476"]
[BlackElo "2228"]
[PlyCount "81"]
[EventDate "2007.02.05"]
[EventType "swiss"]
[EventRounds "9"]
[EventCountry "BUL"]
[Source "lmi"]
[SourceDate "2007.02.05"]

1. Nc3 d5 2. e4 d4 3. Nce2 c5 4. f4 Nc6 5. Ng3 Nf6 6. Nf3 Bg4 7. Bc4 e6 8. d3
Be7 9. h3 Bxf3 10. Qxf3 a6 11. a3 O-O 12. O-O Qc7 13. Bd2 b5 14. Ba2 Rab8 15.
e5 Nd7 16. Ne4 c4 17. Kh1 Nb6 18. Qh5 Nd5 19. Rf3 f5 20. exf6 Nxf6 21. Nxf6+
Rxf6 22. Rff1 Bd6 23. dxc4 bxc4 24. Bxc4 Rxb2 25. Qe8+ Rf8 26. Qxe6+ Kh8 27.
Bd3 Ne7 28. Ba5 Qb8 29. f5 Ng8 30. Qd5 Nf6 31. Qxd4 Be5 32. Qh4 h6 33. Bb4 Rd8
34. Rad1 Rd4 35. Qe1 Nd5 36. f6 Bxf6 37. Rf3 Rf4 38. Rxf4 Nxf4 39. Bf5 Qb5 40.
Qe4 g6 41. Bxg6 1-0

[Event "39. Campeonato Open de Bulgaria"]
[Site "Plovdiv BUL"]
[Date "2007.02.06"]
[Round "2.9"]
[White "Dimitrov, Pavel"]
[Black "Janev, Tihomir"]
[Result "1-0"]
[WhiteElo "2468"]
[BlackElo "2171"]
[PlyCount "87"]
[EventDate "2007.02.05"]
[EventType "swiss"]
[EventRounds "9"]
[EventCountry "BUL"]
[Source "lmi"]
[SourceDate "2007.02.05"]

1. e4 c5 2. Nc3 Nc6 3. g3 g6 4. Bg2 Bg7 5. Nge2 e6 6. d3 Nge7 7. O-O O-O 8. Bf4
d5 9. Qd2 d4 10. Nd1 e5 11. Bh6 Be6 12. Bxg7 Kxg7 13. f4 f6 14. h3 Rc8 15. g4
Qa5 16. c3 c4 17. f5 Bg8 18. g5 dxc3 19. bxc3 Rcd8 20. Ng3 Kh8 21. gxf6 Rxf6
22. Qg5 Rdf8 23. Ne3 Qc5 24. Kh2 gxf5 25. Nexf5 Rg6 26. Qh4 Rd8 27. d4 exd4 28.
cxd4 Nxf5 29. exf5 Rxd4 30. Rf4 Rgd6 31. Re1 Rxf4 32. Qxf4 Qd4 33. Re4 Qd2 34.
Qg4 Bf7 35. f6 Rxf6 36. Qc8+ Qd8 37. Qxb7 Qb8 38. Qd7 Rg6 39. Re3 Nd8 40. h4
Kg8 41. Bd5 Be6 42. Qe8+ Kg7 43. Bxe6 Qf4 44. Bf5 1-0

[Event "39. Campeonato Open de Bulgaria"]
[Site "Plovdiv BUL"]
[Date "2007.02.06"]
[Round "2.12"]
[White "Kozhuharov, Spas"]
[Black "Cheparinov, Nedelcho"]
[Result "1-0"]
[WhiteElo "2452"]
[BlackElo "2150"]
[PlyCount "50"]
[EventDate "2007.02.05"]
[EventType "swiss"]
[EventRounds "9"]
[EventCountry "BUL"]
[Source "lmi"]
[SourceDate "2007.02.05"]

1. e4 e5 2. Nf3 Nc6 3. Bb5 a6 4. Bxc6 dxc6 5. O-O Bg4 6. h3 h5 7. d3 Qf6 8. Be3
Bxf3 9. Qxf3 Qxf3 10. gxf3 Bd6 11. Nd2 Ne7 12. Rfb1 f5 13. exf5 Nxf5 14. Kf1 c5
15. Ke2 b6 16. Rg1 Kf7 17. Ne4 Be7 18. c3 Rad8 19. a4 a5 20. Rg2 Bf6 21. Bg5
Rd7 22. Rag1 Rhd8 23. Bxf6 gxf6 24. Rg6 Rd6 25. Nxd6+ cxd6 1-0

[Event "39. Campeonato Open de Bulgaria"]
[Site "Plovdiv BUL"]
[Date "2007.02.06"]
[Round "2.14"]
[White "Dochev, Dimitar"]
[Black "Petkov, Hristo"]
[Result "1-0"]
[WhiteElo "2388"]
[BlackElo "2115"]
[PlyCount "89"]
[EventDate "2007.02.05"]
[EventType "swiss"]
[EventRounds "9"]
[EventCountry "BUL"]
[Source "lmi"]
[SourceDate "2007.02.05"]

1. e4 c5 2. Nf3 e6 3. d4 cxd4 4. Nxd4 Nf6 5. Nc3 d6 6. Be3 a6 7. f3 Be7 8. Qd2
O-O 9. g4 Nc6 10. O-O-O Qc7 11. h4 Nxd4 12. Qxd4 e5 13. Qd2 Be6 14. h5 d5 15.
exd5 Rfd8 16. Qf2 Nxd5 17. Nxd5 Rxd5 18. Bd3 Bc5 19. Be4 Bxe3+ 20. Qxe3 Rxd1+
21. Rxd1 Rf8 22. Qd3 h6 23. Kb1 Rb8 24. Qd6 Qxd6 25. Rxd6 Kf8 26. Rb6 Bc8 27.
c4 Ke7 28. a4 Kd8 29. a5 Kc7 30. Kc2 Bd7 31. Kc3 Be6 32. b4 Bd7 33. Bd5 f6 34.
Be4 Bc8 35. Kb3 Bd7 36. b5 axb5 37. cxb5 Bc8 38. Kb4 Bd7 39. Kc5 Bc8 40. Bd5
Bd7 41. a6 bxa6 42. Rxb8 Kxb8 43. bxa6 Ka7 44. Kd6 Bc8 45. Bc4 1-0

[Event "39. Campeonato Open de Bulgaria"]
[Site "Plovdiv BUL"]
[Date "2007.02.06"]
[Round "2.18"]
[White "Berbatov, Kiprian"]
[Black "Porjazov, Petar"]
[Result "1-0"]
[WhiteElo "2171"]
[BlackElo "2160"]
[PlyCount "33"]
[EventDate "2007.02.05"]
[EventType "swiss"]
[EventRounds "9"]
[EventCountry "BUL"]
[Source "lmi"]
[SourceDate "2007.02.05"]

1. e4 c5 2. Nf3 Nc6 3. d4 cxd4 4. Nxd4 Nf6 5. Nc3 g6 6. Nxc6 bxc6 7. e5 Ng8 8.
Bc4 Bg7 9. Qf3 f5 10. Bf4 Rb8 11. O-O Rb4 12. b3 Qa5 13. a3 Rxc4 14. bxc4 Bxe5
15. Bxe5 Qxe5 16. Na4 Qa5 17. Qc3 1-0

[Event "39. Campeonato Open de Bulgaria"]
[Site "Plovdiv BUL"]
[Date "2007.02.06"]
[Round "2.19"]
[White "Zlatanovic, Boroljub"]
[Black "Ljangov, Petar"]
[Result "1-0"]
[WhiteElo "2337"]
[BlackElo "2128"]
[PlyCount "109"]
[EventDate "2007.02.05"]
[EventType "swiss"]
[EventRounds "9"]
[EventCountry "BUL"]
[Source "lmi"]
[SourceDate "2007.02.05"]

1. e4 c5 2. g3 Nc6 3. Bg2 g6 4. Ne2 Bg7 5. c3 e5 6. Na3 Nge7 7. O-O O-O 8. Nc2
d6 9. d4 exd4 10. cxd4 f5 11. d5 Ne5 12. Nf4 fxe4 13. Bxe4 Bg4 14. f3 Bd7 15.
Ne3 Rb8 16. Ne6 Bxe6 17. dxe6 N5c6 18. Nd5 Nxd5 19. Bxd5 Ne7 20. Qb3 Nxd5 21.
Qxd5 Rf5 22. Qb3 Qb6 23. Bf4 Be5 24. Be3 Qxb3 25. axb3 a6 26. Rad1 Rf6 27. f4
Bd4 28. Bxd4 cxd4 29. Rfe1 Re8 30. Rxd4 Rfxe6 31. Rxe6 Rxe6 32. Kf2 Kf7 33. Kf3
Rf6 34. Rc4 b5 35. Rc7+ Kg8 36. Rc6 a5 37. Ra6 a4 38. bxa4 bxa4 39. Rxa4 Rf5
40. Ke4 Rb5 41. b4 Kf7 42. Kd4 Ke6 43. Kc4 Rb7 44. b5 d5+ 45. Kc5 Rc7+ 46. Kd4
Rc2 47. Rb4 Kd7 48. b6 Kc8 49. Kxd5 Rxh2 50. g4 h5 51. f5 gxf5 52. gxf5 Kb7 53.
f6 Rf2 54. Ke5 Re2+ 55. Kf5 1-0

[Event "39. Campeonato Open de Bulgaria"]
[Site "Plovdiv BUL"]
[Date "2007.02.06"]
[Round "2.20"]
[White "Asparuhov, Parvan"]
[Black "Dinic, Dragan"]
[Result "0-1"]
[WhiteElo "2150"]
[BlackElo "2334"]
[PlyCount "116"]
[EventDate "2007.02.05"]
[EventType "swiss"]
[EventRounds "9"]
[EventCountry "BUL"]
[Source "lmi"]
[SourceDate "2007.02.05"]

1. e4 e5 2. Nf3 Nc6 3. Bb5 Nf6 4. Qe2 Bc5 5. c3 Qe7 6. d3 d6 7. Bg5 Bd7 8. Nbd2
a6 9. Ba4 h6 10. Be3 Bxe3 11. fxe3 O-O 12. Bxc6 Bxc6 13. c4 Bd7 14. h3 b5 15.
O-O Nh7 16. b3 b4 17. Kh2 a5 18. Rg1 a4 19. g4 c5 20. Qf2 Ra7 21. Raf1 axb3 22.
axb3 Ra2 23. Rg2 Rfa8 24. Qg3 Rb2 25. Rff2 g5 26. d4 f6 27. Ne1 Bc6 28. Nd3 Rc2
29. d5 Bd7 30. Qf3 Rc3 31. Ne1 Kg7 32. Rg1 Ra1 33. Ng2 Ra2 34. Rgf1 Be8 35. Qd1
Bg6 36. Qf3 Qa7 37. h4 Rcc2 38. Qd1 Rc3 39. h5 Be8 40. Nb1 Ra1 41. Rb2 Bd7 42.
Qe2 Ra3 43. Nxc3 bxc3 44. Rbb1 Ra2 45. Qf3 Qa3 46. Kg3 c2 47. Rbc1 Qxb3 48. Qe2
f5 49. Kh2 Nf6 50. exf5 Ba4 51. Ne1 Qxe3 52. Qxe3 Nxg4+ 53. Kg3 Nxe3 54. Rf3
Nxc4 55. Rc3 Nd2 56. Kg2 Ne4 57. Rc4 Bb3 58. Rxe4 Bxd5 0-1